| 000 | 00546nam a22002177a 4500 | ||
|---|---|---|---|
| 999 |
_c9876 _d9876 |
||
| 001 | 9876 | ||
| 003 | BD-JhCC | ||
| 005 | 20180403180819.0 | ||
| 008 | 180402s1964 ii ||||| |||| 00| 0 eng d | ||
| 035 | _a(BD-JhCC) 9876 | ||
| 040 |
_aBD-JhCC _dBD-JhCC |
||
| 041 | _aeng | ||
| 082 |
_a330.954 _bALI 1964 |
||
| 100 | _aAli. M. H | ||
| 245 |
_aEconomic and Cmmmercial Gecography/ _bM. H . Ali |
||
| 260 |
_aPakistan : _bPakistan Book Corporation |
||
| 300 |
_a486 P : _c22 cm |
||
| 650 | _aEconomic History | ||
| 942 |
_2ddc _cBK |
||